| 000 | 00314nam a22001097a 4500 | ||
|---|---|---|---|
| 008 | 170116b xxu||||| |||| 00| 0 eng d | ||
| 020 | _a9780803629608 | ||
| 041 | _aeng | ||
| 080 |
_25TH _a618.2 |
||
| 245 |
_aNURSING LEADERSHIP, MANAGEMENT, AND PROFESSIONAL PRACTICE FOR THE LPN/LVN _cDAHLKEMPER, T.R |
||
| 942 |
_2udc _cBK |
||
| 999 |
_c2947 _d2947 |
||